000 00936nam a22001337a 4500
999 _c517967
_d517967
008 210806b ||||| |||| 00| 0 eng d
100 _aAcemoglu, Daron
_926499
245 _a Melissa dell: Winner of the 2020 Clark medal
260 _aThe Journal of Economic Perspectives
300 _a35(1), Winter, 2021: p.231-248
520 _aThe 2020 John Bates Clark Medal of the American Economic Association was awarded to Melissa Dell, Professor of Economics at Harvard University, for her path-breaking contributions in political economy, economic history, and economic development. This article summarizes Melissa Dell's work, places it in the context of the broader literature, and emphasizes how, with its data collection, careful empirical implementation, and audacious ambition, it has revolutionized work in political economy and economic history. – Reproduced
773 _aThe Journal of Economic Perspectives
942 _cAR